00440nam a2200145 i 450000100060000000300090000600500170001500700030003200800410003510000300007624500780010626000680018430000200025285200220027275472ES-MaACL20230906172451.0t|040924s1928 sp ||||1| spa d1 aGrandía Soler, Mariano.10aGramática latina histórica comparada / cpor Mariano Grandía Soler. aCórdoba : b[s.n., c1928] (fImprenta y Papelería Moderna) a1 v. ; c21 cm. aES-MaACLjB-13430